Normal view
MARC view
- SCHILLING, J. ROBERT
Entry Personal Name
001 - CONTROL NUMBER
- control field: 91263
003 - CONTROL NUMBER IDENTIFIER
- control field: NUST
005 - DATE AND TIME OF LATEST TRANSACTION
- control field: 20220428114254.0
008 - FIXED-LENGTH DATA ELEMENTS
- fixed length control field: 220428|| aca||aabn | a|a d
040 ## - CATALOGING SOURCE
- Original cataloging agency: NUST
- Transcribing agency: NUST
100 ## - HEADING--PERSONAL NAME
- Personal name: SCHILLING, J. ROBERT
670 ## - SOURCE DATA FOUND
- Source citation: Work cat.: (NUST): SCHILLING, J. ROBERT., FUNDAMENTALS OF ROBOTICS ANALYSIS & CONTROL /, 2017.
